| 000 | 00882nam a2200241Ia 4500 | ||
|---|---|---|---|
| 003 | OSt | ||
| 005 | 20220927105418.0 | ||
| 006 | a|||||r|||| 00| 0 | ||
| 007 | ta | ||
| 008 | 220926b |||||||| |||| 00| 0 eng d | ||
| 024 | _a169465 | ||
| 037 | _cReference Collections | ||
| 040 |
_aRTL _cRTL _beng |
||
| 041 |
_2eng _aeng |
||
| 082 | _a"V2: 4335, (X). N74 - N69t4, L0/GD" | ||
| 110 |
_a"Malaysia, National Council of Applied Economic research." _9372281 |
||
| 245 | 0 |
_a"Survey of India's export potential within the Indian ocean Basin and nearby areas, Malayeia" _b National Couincil of Applied Economic research |
|
| 260 | _c1970 | ||
| 300 |
_a"iii, 355p." _ccm. |
||
| 700 |
_a"Malaysia, National Council of Applied Economic research." _9372282 |
||
| 942 |
_h"V2: 4335, (X). N74 - N69t4, L0/GD" _cCC |
||
| 999 |
_c692396 _d692396 |
||